Statistics for Top 50 Best FIFA Ranked Countries

Click here to take the quiz!

General Stats

  • This quiz has been taken 117 times
  • The average score is 43 of 50

Answer Stats

ScoreCountry% Correct
1841.9Argentina
100%
1835.2Brazil
99%
1837.5France
99%
1713.6Portugal
99%
1792.5England
98%
1707.2Spain
98%
1792.4Belgium
97%
1682.6Italy
97%
1677.8Morocco
97%
1647.2Germany
96%
1594.5Japan
95%
1730.0Netherlands
95%
1541.3South Korea
95%
1731.2Croatia
94%
1653.7Uruguay
94%
1530.0Australia
93%
1631.3Mexico
93%
1539.0Chile
92%
1536.1Sweden
92%
1631.9United States
92%
1433.1Canada
89%
1553.5Denmark
89%
1463.6Ireland
89%
1558.7Poland
89%
1617.1Colombia
88%
1504.2Egypt
87%
1664.2Switzerland
87%
1535.7Wales
87%
1504.1Austria
86%
1491.2Russia
86%
1444.6Norway
85%
1500.6Algeria
84%
1613.1Senegal
84%
1500.4Scotland
83%
1508.1Ukraine
82%
1588.6Peru
81%
1561.2Serbia
81%
1553.2Iran
80%
1463.7Turkey
79%
1480.8Czech Republic
78%
1478.7Ecuador
78%
1470.3Nigeria
77%
1511.2Hungary
76%
1440.4Romania
76%
1465.7Cameroon
75%
1442.7Paraguay
75%
1532.9Tunisia
72%
1495.5Costa Rica
66%
1449.9Ivory Coast
62%
1433.9Burkina Faso
12%

Score Distribution

Percentile by Number Answered

Percent of People with Each Score

Your Score History

You have not taken this quiz